K-Letter Subdivisions of Africa - Statistics

General Stats
  • This quiz has been taken 18 times
    5 since last reset
  • The average score is 38 of 103
Answer Stats
Country Subdivision Type Answer % Correct
Uganda City Kampala
100%
Egypt Governorate Kafr El Sheikh
75%
Tunisia Governorate Kasserine
75%
Mali Region Kayes
75%
Nigeria State Kebbi
75%
Tunisia Governorate Kef
75%
Sudan State Khartoum
75%
Mali Region Kidal
75%
Rwanda Province Kigali
75%
Democratic Republic of the Congo Province Kinshasa
75%
Nigeria State Kaduna
50%
Senegal Region Kaffrine
50%
Tunisia Governorate Kairouan
50%
Kenya County Kajiado
50%
Chad Province Kanem
50%
Guinea Region Kankan
50%
Nigeria State Kano
50%
Senegal Region Kaolack
50%
Togo Region Kara
50%
Democratic Republic of the Congo Province Kasaï
50%
Democratic Republic of the Congo Province Kasaï-Central
50%
Democratic Republic of the Congo Province Kasaï-Oriental
50%
Sudan State Kassala
50%
Nigeria State Katsina
50%
Tunisia Governorate Kebili
50%
Senegal Region Kédougou
50%
Botswana District Kgalagadi
50%
Botswana District Kgatleng
50%
Equatorial Guinea Province Kié-Ntem
50%
Tanzania Region Kilimanjaro
50%
Guinea Region Kindia
50%
Kenya County Kirinyaga
50%
Kenya County Kisii
50%
Kenya County Kisumu
50%
Kenya County Kitui
50%
Nigeria State Kogi
50%
Senegal Region Kolda
50%
Democratic Republic of the Congo Province Kongo Central
50%
Benin Department Kouffo
50%
Mali Region Koulikoro
50%
Namibia Region Kunene
50%
Kenya County Kwale
50%
Nigeria State Kwara
50%
South Africa Province KwaZulu-Natal
50%
Uganda District Kaabong
25%
Uganda District Kabarole
25%
Uganda District Kaberamaido
25%
Uganda District Kagadi
25%
Tanzania Region Kagera
25%
Kenya County Kakamega
25%
Uganda District Kakumiro
25%
Uganda District Kalaki
25%
Uganda District Kalangala
25%
Uganda District Kaliro
25%
Uganda District Kalungu
25%
Uganda District Kamuli
25%
Uganda District Kamwenge
25%
Uganda District Kanungu
25%
Uganda District Kapchorwa
25%
Uganda District Kapelebyong
25%
Uganda District Karenga
25%
Uganda District Kasanda
25%
Uganda District Kasese
25%
Uganda District Katakwi
25%
Tanzania Region Katavi
25%
Namibia Region Kavango East
25%
Namibia Region Kavango West
25%
Uganda District Kayunga
25%
Uganda District Kazo
25%
Central African Republic Prefecture Kémo
25%
Kenya County Kericho
25%
Algeria Province Khenchela
25%
Namibia Region Khomas
25%
Kenya County Kiambu
25%
Uganda District Kibaale
25%
Uganda District Kiboga
25%
Uganda District Kibuku
25%
Tanzania Region Kigoma
25%
Uganda District Kikuube
25%
Kenya County Kilifi
25%
Uganda District Kiryandongo
25%
Uganda District Kisoro
25%
Mali Region Kita
25%
Uganda District Kitagwenda
25%
Uganda District Kitgum
25%
Uganda District Kole
25%
Uganda District Kotido
25%
Libya District Kufra
25%
Uganda District Kumi
25%
Democratic Republic of the Congo Province Kwango
25%
Uganda District Kwania
25%
Uganda District Kween
25%
Botswana District Kweneng
25%
Uganda District Kyankwanzi
25%
Uganda District Kyegegwa
25%
Uganda District Kyenjojo
25%
Uganda District Kyotera
25%
Uganda District Kabale
0%
Uganda District Kiruhura
0%
Uganda District Koboko
0%
Republic of the Congo Department Kouilou
0%
Mali Region Koutiala
0%
Democratic Republic of the Congo Province Kwilu
0%
No matching quizzes found
Score Distribution
Percent of People with Each Score
Percentile by Number Answered
Your Score History
You have not taken this quiz since the last reset